000 00472nam a2200157 a 4500
001 000033167
005 20240307185845.0
008 110818s1914 dr ac 000 0 spa d
040 _aDO-SdBNP
_bspa
_cBNPHU
082 _axxxxx
_bD159m
100 1 _aDamirón, Rafael,
_d1882-1956
_927287
245 1 0 _aMonólogo de la locura :
_b(novela) /
_cRafael Damirón.
260 _aSanto Domingo :
_bMontalvo Hnos.,
_c1914.
300 _a156 p. :
_bil., retr. ;
_c18 cm.
049 _aBNPD
999 _c32658
_d32658